[Event "Emilia Romagna tt op"]
[Site "Piacenza"]
[Date "2022.09.24"]
[Round "3"]
[White "Venturini, Nicola"]
[Black "Ferrari, Pietro"]
[Result "0-1"]
[WhiteElo "999"]
[BlackElo "1177"]
[PlyCount "54"]
[EventDate "2022.09.23"]
[EventType "team-swiss"]
[EventRounds "5"]
[EventCountry "ITA"]
[SourceTitle "EXT 2023"]
[Source "ChessBase"]
[SourceDate "2022.10.05"]
[SourceVersion "1"]
[SourceVersionDate "2022.10.05"]
[SourceQuality "1"]
[WhiteTeam "Parma Alfieri"]
[BlackTeam "Parma Promo"]
[WhiteTeamCountry "ITA"]
[BlackTeamCountry "ITA"]

1. e4 c5 2. Nc3 Nc6 3. Nf3 e5 4. d3 Nf6 5. Be3 d5 6. Qe2 d4 7. Nd5 dxe3 8. Qxe3 Nxd5 9. exd5 Qxd5 10. 0-0-0 Bg4 11. Qg5 Bxf3 12. gxf3 Nd4 13. Bg2 Ne6 14. Qf5 g6 15. Qg4 Nf4 16. Qg5 Bg7 17. Rhg1 Ne2+ 18. Kb1 Nxg1 19. Rxg1 0-0 20. f4 Qd8 21. Qg4 Qb6 22. b3 Qb4 23. Bd5 exf4 24. Kc1 Rad8 25. Be4 Bd4 26. Qg5 Rfe8 27. Re1 Qxe1# 0-1